LEADER 01024nam a2200265 i 4500 001 000000146112 003 CaOOAMICUS 005 20051216000000.0 008 051216s1966 it u000 u fre u 013 $a122793 040 $aSeMil$bita 100 1 $aPalazzeschi, Aldo,$d<1885-1974>.$0(OLS)http://semarc/name/8329 245 10$aSchizzi italofrancesi /$cAldo Palazzeschi. 260 $aMilano :$bAll'insegna del pesce d'oro,$c1966. 300 $a48 p., [1] fotografia ;$c18 cm. 490 0 $aAcquario ;$vN.34 500 $aFondo Ciprandi. 650 4$aPalazzeschi, Aldo <1885-1974> - Opere.$0(OLS)http://semarc/subject/28591 830 0$aAcquario ;$vN.34.$0(OLS)http://semarc/title/8368 850 $aSeMil 852 $aSeMil$W1$xVenegono$y1$m1D I 89$j98812$B98812$CSeMilBibl$Z2$F107034 $81 941 1 $a1 961 $aOmaggio: Ciprandi dott. Paolo 996 $6245$aSchizzi italofrancesi$9(OLS)http://semarc/title/213646 996 $6260$aMilano :$bAll'insegna del pesce d'oro$9(OLS)http://semarc/publisher/29752 LEADER 01356nam a2200289 i 4500 001 000000035673 003 CaOOAMICUS 005 20080623000000.0 008 080623s1978 it u000 u ita u 013 $a4171 040 $aSeMil$bita 100 1 $aMura, Gaspare,$d<1937- >.$0(OLS)http://semarc/name/106 245 12$aI nuovi filosofi :$bla coscienza infelice del nostro tempo /$cG. Mura, A. Pieretti, G. [i.e. U.] Galeazzi ; [interviste con Jean-Marie Benoist ... et al.]. 260 $aRoma :$bCittà Nuova,$c1978. 300 $a310 p. ;$c19 cm. 490 0 $aIdee ;$v36 650 4$aNouveaux Philosophes - Filosofia - Francia - Sec. 20.$0(OLS)http://semarc/subject/6587 650 4$aFilosofia contemporanea.$0(OLS)http://semarc/subject/3676 700 1 $aBenoist, Jean-Marie.$0(OLS)http://semarc/name/16696 700 1 $aGaleazzi, Umberto <1942->.$0(OLS)http://semarc/name/16129 700 1 $aPieretti, Antonio <1940- >.$0(OLS)http://semarc/name/363 830 0$aIdee ;$v36.$0(OLS)http://semarc/title/6244 850 $aSeMil 852 $aSeMil$W1$xVenegono$y1$m2P I 525$j1828$B1828$CSeMilBibl$Z2$F1828 $81 961 $aOmaggio: Delpini mons. Mario 996 $6245$aI nuovi filosofi :$bla coscienza infelice del nostro tempo$9(OLS)http://semarc/title/49000 996 $6260$aRoma :$bCittà Nuova$9(OLS)http://semarc/publisher/29609